20 Tallest Mountains in the World - Statistics

General Stats
  • This quiz has been taken 52 times
  • The average score is 6 of 20
Answer Stats
Feet Tall Answer % Correct
29,029 Mount Everest
100%
28,251 K2
88%
27,940 Lhotse
48%
28,169 Kangchenjunga
43%
27,838 Makalu
43%
26,864 Cho Oyu
35%
26,414 Broad Peak
33%
26,781 Manaslu
33%
26,660 Nanga Parbat
33%
26,545 Annapurna I
30%
26,509 Gasherbrum I
30%
26,362 Gasherbrum II
28%
26,795 Dhaulagiri I
23%
26,335 Shishapangma
23%
26,040 Annapurna II
10%
26,024 Gasherbrum IV
5%
26,089 Gyachung Kang
3%
25,896 Himalchuli
3%
25,866 Distaghil Sar
0%
25,823 Ngadi Chuli
0%
No matching quizzes found
Score Distribution
Percent of People with Each Score
Percentile by Number Answered
Your Score History
You have not taken this quiz